Balance of nitrogen in pigs feeding fibrous diets based full-fat rubber seeds, (តុល្យភាពអាសូតលើជ្រូកដោយផ្ដល់ចំណីដែលមានជាតិសរសៃខ្ពស់ដោយប្រើប្រាស់គ្រាប់កៅស៊ូ) (Record no. 1813)
[ view plain ]
| 000 -LEADER | |
|---|---|
| fixed length control field | 00671nam a22001577a 4500 |
| 003 - CONTROL NUMBER IDENTIFIER | |
| control field | OSt |
| 005 - DATE AND TIME OF LATEST TRANSACTION | |
| control field | 20151003152211.0 |
| 008 - FIXED-LENGTH DATA ELEMENTS--GENERAL INFORMATION | |
| fixed length control field | 151003b xxu||||| |||| 00| 0 eng d |
| 040 ## - CATALOGING SOURCE | |
| Transcribing agency | RUA |
| 082 ## - DEWEY DECIMAL CLASSIFICATION NUMBER | |
| Classification number | AVM PEA 1993 B073 Or.1 |
| 100 ## - MAIN ENTRY--PERSONAL NAME | |
| 9 (RLIN) | 1918 |
| Personal name | PHENG BUNTHHA |
| 245 ## - TITLE STATEMENT | |
| Title | Balance of nitrogen in pigs feeding fibrous diets based full-fat rubber seeds, (តុល្យភាពអាសូតលើជ្រូកដោយផ្ដល់ចំណីដែលមានជាតិសរសៃខ្ពស់ដោយប្រើប្រាស់គ្រាប់កៅស៊ូ) |
| 260 ## - PUBLICATION, DISTRIBUTION, ETC. (IMPRINT) | |
| Place of publication, distribution, etc. | phnom penh |
| Name of publisher, distributor, etc. | RUA 1993 |
| 300 ## - PHYSICAL DESCRIPTION | |
| Extent | xi, 65p. |
| Other physical details | ill |
| Dimensions | 29cm. |
| 942 ## - ADDED ENTRY ELEMENTS (KOHA) | |
| Source of classification or shelving scheme | |
| Koha item type | AVM |
| Price effective from | Date last seen | Permanent Location | Not for loan | Date acquired | Source of classification or shelving scheme | Koha item type | Lost status | Withdrawn status | Total Renewals | Date last checked out | Total Checkouts | Shelving location | Damaged status | Barcode | Current Location | Full call number |
|---|---|---|---|---|---|---|---|---|---|---|---|---|---|---|---|---|
| 2015-10-03 | 2019-01-08 | Library Block B | 2015-10-03 | AVM | 2018-12-22 | 1 | B073 | RUA020050 | Library Block B | AVM PEA 1993 B073 Or.1 | ||||||
| 2015-10-03 | 2015-10-03 | Library Block B | 2015-10-03 | AVM | B073 | RUA009286 | Library Block B | AVM PEA 1993 B073 Or.2 | ||||||||
| 2015-10-03 | 2018-12-28 | Library Block B | 2015-10-03 | AVM | 1 | 2018-11-12 | 1 | B073 | RUA020051 | Library Block B | AVM PEA 1993 B073 Or.3 | |||||
| 2015-10-03 | 2015-10-03 | Library Block B | 2015-10-03 | AVM | B073 | RUA009284 | Library Block B | AVM PEA 1993 B073 Or.4 | ||||||||
| 2015-10-03 | 2018-12-11 | Library Block B | 2015-10-03 | AVM | 2018-11-28 | 2 | B073 | RUA015190 | Library Block B | AVM PEA 1993 B073 Or.5 | ||||||
| 2015-10-03 | 2015-10-03 | Library Block B | 2015-10-03 | AVM | B073 | RUA016584 | Library Block B | AVM PEA 1993 B073 Or.6 |